000 00520nam a2200205 a 4500
001 BRCA_6637
005 20190320205534.0
008 101011s1924----u--a######---#000-0#eng-#
041 _aeng
044 _au
050 4 _aDS902
_b.K66 1924
245 1 0 _aKorea
260 _a[Estados Unidos]
_bCanadian Pacific Steamships
_c1924
300 _a12 p.
_bil.
_c18 cm.
500 _aL132
650 1 4 _aCorea
_xDescripción y viajes
_916616
710 2 _aCanadian Pacific Steamships
_916617
902 _aGFM
942 _2lcc
_cB
999 _c6321
_d6321